|
|
|
|
| LEADER |
00000nab a2200000 a 4500 |
| 001 |
vtls010496881 |
| 003 |
SK-MaSNL |
| 005 |
20260305002711.0 |
| 008 |
250507c2012 xo ||||||||||||00 b|slo |
| 015 |
|
|
|a SNBRB2013/03
|
| 035 |
|
|
|a (uuid)7a8a04e9-626c-49aa-97d0-805efa8ef4f8
|
| 035 |
|
|
|a urn:nbn:sk:snk-ab1n9d
|
| 035 |
|
|
|a (urnnbn)urn:nbn:sk:snk:ar-004l9p
|
| 038 |
|
|
|a SVKPOCL
|
| 040 |
|
|
|a SNKBUCL
|b slo
|c SNKBUCL
|e AACR2
|
| 041 |
0 |
|
|a slo
|
| 044 |
|
|
|a xo
|c SK
|
| 080 |
|
|
|a 811.162.4
|2 2001
|
| 080 |
|
|
|a 80(=16)+908(4)
|2 2001
|
| 080 |
|
|
|a 81'1
|2 2001
|
| 080 |
|
|
|a (046)
|2 2001
|
| 100 |
1 |
|
|a Vančová, Iveta,
|d 1961-
|4 aut
|9 162991
|
| 245 |
1 |
0 |
|a Mliečny automat
|c Iveta Vančová
|
| 500 |
|
|
|a Dostupné on-line na http://www.juls.savba.sk/ediela/ks/2010/5/ks2010-5.pdf
|
| 500 |
|
|
|a Rubrika: Spytovali ste sa
|
| 650 |
0 |
7 |
|a slovenčina
|2 svkpocl
|9 1350
|
| 650 |
0 |
7 |
|a slavistika
|2 svkpocl
|9 4282
|
| 650 |
0 |
7 |
|a lingvistika
|2 svkpocl
|9 860
|
| 650 |
0 |
7 |
|a jazyková poradňa
|2 svkpocl
|9 1260783
|
| 655 |
|
7 |
|a články
|2 svkpocl
|9 70601
|
| 773 |
0 |
|
|t Kultúra slova
|g Roč. 44, č. 5 (2010), s.309-310
|x 0023-5202
|
| 850 |
|
|
|a Slovenská národná knižnica
|
| 852 |
|
|
|a Slovenská národná knižnica
|
| 856 |
4 |
1 |
|a http://www.juls.savba.sk/ediela/ks/
|
| 856 |
4 |
1 |
|a http://www.juls.savba.sk/ediela/ks/2010/5/ks2010-5.pdf
|
| 954 |
|
|
|a odborná, vedecká literatúra pôvodná (slovenská)
|2 lita
|
| 958 |
|
|
|a article27
|
| 958 |
|
|
|a OND
|
| 958 |
|
|
|a SS
|
| 958 |
|
|
|a EUIPO
|
| 999 |
|
|
|c 3226628
|d 3228558
|